<?xml version="1.0" encoding="UTF-8"?>
<record
    xmlns:xsi="http://www.w3.org/2001/XMLSchema-instance"
    xsi:schemaLocation="http://www.loc.gov/MARC21/slim http://www.loc.gov/standards/marcxml/schema/MARC21slim.xsd"
    xmlns="http://www.loc.gov/MARC21/slim">

  <leader>03306cam a22003614a 4500</leader>
  <controlfield tag="001">16804623</controlfield>
  <controlfield tag="003">SISC</controlfield>
  <controlfield tag="005">20191118095409.0</controlfield>
  <controlfield tag="008">110601s2012    enk      b    001 0 eng  </controlfield>
  <datafield tag="010" ind1=" " ind2=" ">
    <subfield code="a">  2011013055</subfield>
  </datafield>
  <datafield tag="020" ind1=" " ind2=" ">
    <subfield code="a">9780415586863 (hardback)</subfield>
  </datafield>
  <datafield tag="020" ind1=" " ind2=" ">
    <subfield code="a">9780415586870 (paperback)</subfield>
  </datafield>
  <datafield tag="020" ind1=" " ind2=" ">
    <subfield code="a">9781138172432</subfield>
  </datafield>
  <datafield tag="040" ind1=" " ind2=" ">
    <subfield code="a">DLC</subfield>
    <subfield code="c">DLC</subfield>
    <subfield code="d">DLC</subfield>
  </datafield>
  <datafield tag="042" ind1=" " ind2=" ">
    <subfield code="a">pcc</subfield>
  </datafield>
  <datafield tag="050" ind1="0" ind2="0">
    <subfield code="a">RC 489.R3</subfield>
    <subfield code="b">.D7863 2012</subfield>
  </datafield>
  <datafield tag="082" ind1="0" ind2="0">
    <subfield code="a">616.89/1425</subfield>
  </datafield>
  <datafield tag="084" ind1=" " ind2=" ">
    <subfield code="a">PSY010000</subfield>
    <subfield code="a">PSY036000</subfield>
    <subfield code="2">bisacsh</subfield>
  </datafield>
  <datafield tag="100" ind1="1" ind2=" ">
    <subfield code="a">Dryden, Windy.</subfield>
  </datafield>
  <datafield tag="245" ind1="1" ind2="0">
    <subfield code="a">Dealing with emotional problems using rational-emotive cognitive behaviour therapy :</subfield>
    <subfield code="b">a practitioner's guide /</subfield>
    <subfield code="c">Windy Dryden.</subfield>
  </datafield>
  <datafield tag="260" ind1=" " ind2=" ">
    <subfield code="a">London ;</subfield>
    <subfield code="a">New York, NY :</subfield>
    <subfield code="b">Routledge,</subfield>
    <subfield code="c">2012.</subfield>
  </datafield>
  <datafield tag="300" ind1=" " ind2=" ">
    <subfield code="a">vii, 187 pages ;</subfield>
    <subfield code="c">25 cm.</subfield>
  </datafield>
  <datafield tag="500" ind1=" " ind2=" ">
    <subfield code="a">Includes bibliographical references and index.</subfield>
  </datafield>
  <datafield tag="520" ind1=" " ind2=" ">
    <subfield code="a">"&lt;EM&gt;Dealing with Emotional Problems&lt;/EM&gt; offers clear, practical advice on how to deal with some of the most common emotional difficulties.RECBT is a technique that encourages a direct focus on emotional problems, helping you to understand the thoughts, beliefs and behaviours that cause you to maintain these problems. This understanding will enable you to overcome problems and lead a happier and more fulfilling life.The book begins by outlining foundations of emotional problems. Each problem is then presented in a similar way allowing the reader to compare and contrast similarities and differences between each emotion, and how to cope with it. This book covers:&lt;UL&gt;&lt;LI&gt;anxiety&lt;/LI&gt;&lt;LI&gt;depression&lt;/LI&gt;&lt;LI&gt;guilt&lt;/LI&gt;&lt;LI&gt;shame&lt;/LI&gt;&lt;LI&gt;hurt&lt;/LI&gt;&lt;LI&gt;unhealthy anger&lt;/LI&gt;&lt;LI&gt;unhealthy jealousy&lt;/LI&gt;&lt;LI&gt;unhealthy envy.&lt;/LI&gt;&lt;/UL&gt;&lt;EM&gt;Dealing with Emotional Problems Using Rational-Emotive Cognitive Behaviour Therapy&lt;/EM&gt; can be used on your own or in conjunction with a therapist who can use the Practitioner's Guide"--</subfield>
  </datafield>
  <datafield tag="520" ind1=" " ind2=" ">
    <subfield code="a">"This practical book considers the eight emotional problems that people routinely seek help for, and provides guidance on how you can deal with them from a rational-emotive cognitive behavioural therapy (RECBT) perspective. RECBT is a technique that encourages a direct focus on emotional problems, helping you to understand the thoughts, beliefs and behaviours that cause you to maintain these problems. This understanding will enable you to overcome problems and lead a happier and more fulfilling life. The book begins by outlining foundations of emotional problems. Each problem is then presented in a similar way allowing the reader to compare and contrast similarities and differences between each emotion, and how to cope with it. This book covers: - Anxiety - Depression - Guilt - Shame - Hurt - Unhealthy anger - Unhealthy jealousy - Unhealthy envy. Dealing with Emotional Problems Using Rational-Emotive Cognitive Behaviour Therapy can be used on your own or in conjunction with a therapist who can use the Practitioner's Guide"--</subfield>
  </datafield>
  <datafield tag="650" ind1=" " ind2="0">
    <subfield code="a">Rational emotive behavior therapy.</subfield>
  </datafield>
  <datafield tag="650" ind1=" " ind2="0">
    <subfield code="a">Cognitive therapy.</subfield>
  </datafield>
  <datafield tag="650" ind1=" " ind2="7">
    <subfield code="a">PSYCHOLOGY / Psychotherapy / Counseling</subfield>
    <subfield code="2">bisacsh.</subfield>
  </datafield>
  <datafield tag="650" ind1=" " ind2="7">
    <subfield code="a">PSYCHOLOGY / Mental Health</subfield>
    <subfield code="2">bisacsh.</subfield>
  </datafield>
  <datafield tag="906" ind1=" " ind2=" ">
    <subfield code="a">7</subfield>
    <subfield code="b">cbc</subfield>
    <subfield code="c">orignew</subfield>
    <subfield code="d">1</subfield>
    <subfield code="e">ecip</subfield>
    <subfield code="f">20</subfield>
    <subfield code="g">y-gencatlg</subfield>
  </datafield>
  <datafield tag="942" ind1=" " ind2=" ">
    <subfield code="2">lcc</subfield>
    <subfield code="c">BK</subfield>
  </datafield>
  <datafield tag="999" ind1=" " ind2=" ">
    <subfield code="c">305279</subfield>
    <subfield code="d">305279</subfield>
  </datafield>
  <datafield tag="952" ind1=" " ind2=" ">
    <subfield code="0">0</subfield>
    <subfield code="1">0</subfield>
    <subfield code="2">lcc</subfield>
    <subfield code="4">0</subfield>
    <subfield code="a">CL</subfield>
    <subfield code="b">CL</subfield>
    <subfield code="c">GSL</subfield>
    <subfield code="d">2016-11-16</subfield>
    <subfield code="e">Library Fund</subfield>
    <subfield code="l">1</subfield>
    <subfield code="m">2</subfield>
    <subfield code="o">RC 489.R3 .D7863 2012</subfield>
    <subfield code="p">C20779</subfield>
    <subfield code="r">2018-05-15 00:00:00</subfield>
    <subfield code="s">2017-05-18</subfield>
    <subfield code="w">2016-11-16</subfield>
    <subfield code="y">BK</subfield>
  </datafield>
</record>
